Online
Catalog

Writings of Christopher Columbus : (Record no. 33180)

MARC details
000 -CABECERA
campo de control de longitud fija 00592nam a2200157 a 4500
001 - NÚMERO DE CONTROL
campo de control 000033689
005 - FECHA Y HORA DE LA ÚLTIMA TRANSACCIÓN
campo de control 20200930070438.0
008 - DATOS DE LONGITUD FIJA--INFORMACIÓN GENERAL
campo de control de longitud fija 110906s1892 xxuc 000 0 spa d
040 ## - FUENTE DE LA CATALOGACIÓN
Centro catalogador/agencia de origen DO-SdBNP
Lengua de catalogación spa
Centro/agencia transcriptor BNPHU
082 ## - NÚMERO DE LA CLASIFICACIÓN DECIMAL DEWEY
Número de clasificación xxx
Número de documento/Ítem C726w
100 1# - ENTRADA PRINCIPAL--NOMBRE DE PERSONA
Nombre de persona Columbus, Christopher
9 (RLIN) 14770
245 10 - MENCIÓN DE TÍTULO
Título Writings of Christopher Columbus :
Resto del título descriptive of the discovery and occupation of the New World /
Mención de responsabilidad, etc. edited, with an introduction, by Paul Leicester Ford.
260 ## - PUBLICACIÓN, DISTRIBUCIÓN, ETC.
Lugar de publicación, distribución, etc. New York :
Nombre del editor, distribuidor, etc. C.L. Webster & Co.,
Fecha de publicación, distribución, etc. 1892.
300 ## - DESCRIPCIÓN FÍSICA
Extensión 255 p. :
Otras características físicas retr., ;
Dimensiones 19 cm.
700 1# - PUNTO DE ACCESO ADICIONAL--NOMBRE DE PERSONA
Nombre de persona Ford, Paul Leicester,
Fechas asociadas al nombre 1865-1902
9 (RLIN) 59143
Holdings
Estado de retiro Estado de pérdida Restricciones de uso No para préstamo Código de colección Localización permanente Ubicación/localización actual Ubicación en estantería Fecha de adquisición Número de inventario Total de préstamos Signatura topográfica completa Código de barras Fecha visto por última vez Precio válido a partir de Tipo de ítem Koha Número de copia
      Excluido de préstamo Raros y valiosos General General En catalogación 06.09.2011 LF1   xxx C726w 33689-10 25.06.2020 25.06.2020 No se presta  
      Excluido de préstamo Raros y valiosos General General En catalogación 11.10.2011 LF1   xxx C726w 33689-20 25.06.2020 25.06.2020 No se presta e. 2

Powered by Koha